Diary of a Wimpy Kid: Cabin Fever (Record no. 260643)
[ view plain ]
| 000 -LEADER | |
|---|---|
| fixed length control field | 00253nam a22001097a 4500 |
| 020 ## - INTERNATIONAL STANDARD BOOK NUMBER | |
| ISBN | 9780810970687 |
| 100 ## - MAIN ENTRY--AUTHOR NAME | |
| Personal name | Jeff Kinney |
| 245 ## - TITLE STATEMENT | |
| Title | Diary of a Wimpy Kid: Cabin Fever |
| 260 ## - PUBLICATION, DISTRIBUTION, ETC. (IMPRINT) | |
| Place of publication | New York |
| Name of publisher | Amulet Books |
| Year of publication | 2009 |
| 300 ## - PHYSICAL DESCRIPTION | |
| Number of Pages | 216 pgs |
| 942 ## - ADDED ENTRY ELEMENTS (KOHA) | |
| Koha item type | Long Loan Books |
| Withdrawn status | Lost status | Collection code | Home library | Current library | Shelving location | Date acquired | Accession Number | Koha item type |
|---|---|---|---|---|---|---|---|---|
| Non-fiction | Rongo University Library | Rongo University Library | Children's Area | 13/09/2023 | CL20222119 | Long Loan Books | ||
| Non-fiction | Rongo University Library | Rongo University Library | Children's Area | 13/09/2023 | CL20222123 | Long Loan Books | ||
| Non-fiction | Rongo University Library | Rongo University Library | Children's Area | 13/09/2023 | CL20222133 | Long Loan Books | ||
| Non-fiction | Rongo University Library | Rongo University Library | Children's Area | 13/09/2023 | CL20222136 | Long Loan Books | ||
| Non-fiction | Rongo University Library | Rongo University Library | Children's Area | 13/09/2023 | CL20222139 | Long Loan Books | ||
| Non-fiction | Rongo University Library | Rongo University Library | Children's Area | 13/09/2023 | CL20222140 | Long Loan Books | ||
| Non-fiction | Rongo University Library | Rongo University Library | Children's Area | 13/09/2023 | CL20222144 | Long Loan Books | ||
| Non-fiction | Rongo University Library | Rongo University Library | Children's Area | 13/09/2023 | CL20222155 | Long Loan Books | ||
| Non-fiction | Rongo University Library | Rongo University Library | Children's Area | 13/09/2023 | CL20222166 | Long Loan Books | ||
| Non-fiction | Rongo University Library | Rongo University Library | Children's Area | 06/02/2024 | CL20232961 | Long Loan Books |
